01464nab a22002657a 4500003000400000005001700004008004100021040000700062100002700069245013500096260007300231300001200304500002800316505039600344505008200740650001800822650002100840650004500861650004200906650001900948650002200967650003300989700002701022773014901049OSt20251215155824.0190429b xxu||||| |||| 00| 0 spa d cPJ aAriza Clerici, Rodolfo13aEl Sistema Interamericano de Derechos Humanos y su incidencia en materia penal /cRodolfo A. Ariza Clerici, Leandro A. Martínez. cCiudad Autónoma de Buenos Aires :aThomson Reuters La Ley, b2025. ap. 3-15 aCita: AR/DOC/2821/2023. aSumario: I. Planteo.— II. Derechos Humanos y Derechos Constitucionales en el Sistema Interamericano y en el Sistema Argentino.— III. La sanción a los crímenes de lesa humanidad, el respeto de los derechos y de las garantías fundamentales en la Argentina y en el Sistema Interamericano.— IV. Crítica y reflexión acerca de la jurisprudencia de la Corte IDH.— V. Conclusión. tSi te interesa el texto completo, solicitalo a koha@justierradelfuego.gov.ar  0aDERECHO PENAL 0aDERECHOS HUMANOS 0aCORTE INTERAMERICANA DE DERECHOS HUMANOS 0aDERECHOS Y GARANTIAS CONSTITUCIONALES 0aDEBIDO PROCESO 0aDEFENSA EN JUICIO 0aCRÍMENES DE LESA HUMANIDAD aMartínez, Leandro A.0 02658tRevista de derecho penal y criminología. Nº 3 - Abril 2024dCiudad Autónoma de Buenos Aires : Thomson Reuters La Ley, 2017-x00347914